Physical anthropology / (Record no. 11456)

000 -LEADER
fixed length control field 00573cam a2200193 a 4500
020 ## - INTERNATIONAL STANDARD BOOK NUMBER
ISBN 0072282290
040 ## - CATALOGING SOURCE
Transcribing agency DLC
082 00 - DEWEY DECIMAL CLASSIFICATION NUMBER
Classification number 599 HILL 2000 A030 Or.
100 1# - MAIN ENTRY--AUTHOR NAME
Personal name Stein, Philip L.
245 10 - TITLE STATEMENT
Title Physical anthropology /
250 ## - EDITION STATEMENT
Edition statement 7th ed.
260 ## - PUBLICATION, DISTRIBUTION, ETC. (IMPRINT)
Place of publication Boston :
Name of publisher McGraw-Hill,
Year of publication 2000.
300 ## - PHYSICAL DESCRIPTION
Number of Pages xviii, 510 p. :
Other physical details ill. (some col.) ;
Dimensions 26 cm.
650 #0 - SUBJECT ADDED ENTRY--TOPICAL TERM
Topical Term Physical anthropology.
700 1# - ADDED ENTRY--PERSONAL NAME
Personal name Rowe, Bruce M.
856 42 - ELECTRONIC LOCATION AND ACCESS
Uniform Resource Identifier http://www.loc.gov/catdir/description/mh023/99015559.html
856 41 - ELECTRONIC LOCATION AND ACCESS
Uniform Resource Identifier http://www.loc.gov/catdir/toc/mh023/99015559.html
942 ## - ADDED ENTRY ELEMENTS (KOHA)
Koha item type សៀវភៅភាសាអង់គ្លេស
952 ## - LOCATION AND ITEM INFORMATION (KOHA)
Withdrawn status [LOCAL, KOHA] 0
Holdings
Permanent Location Date acquired Koha item type Lost status Shelving location Barcode Current Location Full call number
Library Block A2017-08-02សៀវភៅភាសាអង់គ្លេស A058A14686Library Block A599 HILL 2000 A058 Or.
មជ្ឈមណ្ឌលឯការនៃសាកលវិទ្យាល័យភូមិន្ទកសិកម្មចំការដូង

Powered by Koha